000
00322 a2200157 4500
001
75328
020
_a
040
_c
Anchieta - Colégio São Paulo
100
_a
Kubitschek, Juscelino
240
1
0
_a
50 anos em 5
_l
por
245
1
0
_a
50 anos em 5
300
_a
454
362
0
_a
1978
650
4
_a
Brasil
942
_c
BK
999
_c
75328
_d
75328